000 02182nam a2200253zi 4500
001 991061170976006706
005 20250514104624.0
008 240809s2024 sp aa |||| 0 spa|c
020 _a9788441550308
040 _aES-BaCOP
_bcat
_cES-BaCOP
_erda
041 1 _aspa
041 1 _heng
050 _aQP376
_b.D56 2019
100 _aDingman, Marc
_cDr.
_eauthor
_925240
240 1 0 _aYour brain, explained.
_lSpanish.
245 1 0 _aTu cerebro al descubierto
_b: lo que la neurociencia nos revela sobre el cerebro y sus rarezas
_c/ Dr. Marc Dingman.
260 _aMadrid :
_bOberon,
_c2024.
300 _a254 pages :
_billustrations ;
_c23 cm.
520 _aTu cerebro al descubierto te propone un viaje personal por el universo de tu materia gris. El neurocientífico Marc Dingman ofrece un curso intensivo sobre el funcionamiento del cerebro y explica las últimas investigaciones científicas orientadas a tratar de esclarecer las distintas funciones cerebrales y sus efectos sobre tu día a día. Descubrirás al mismo tiempo que ocurre cuando el cerebro no funciona como debiera y los trastornos que esto provoca, como el insomnio, el TDAH, la depresión o las adicciones. Aprenderás lo que la neurociencia está haciendo para tratar de eliminar estos trastornos, además de proporcionarte las herramientas necesarias para que tú mismo puedas defenderte de los fallos de la mente.
520 _aYour Brain, Uncovered invites you on a personal journey through the universe of your gray matter. Neuroscientist Marc Dingman offers an intensive course on how the brain works and explains the latest scientific research aimed at uncovering the various brain functions and their effects on your daily life. At the same time, you’ll discover what happens when the brain doesn’t function as it should and the disorders this can cause—such as insomnia, ADHD, depression, or addictions. You’ll learn what neuroscience is doing to try to eliminate these conditions, while also gaining the tools you need to defend yourself against the mind’s failures.
650 0 _aBrain
_vPopular works
_911753
650 0 _aNeurosciences
_xPopular works
_911755
942 _2lcc
999 _c4665
_d4665